| 000 | 01769cam a2200565 a 4500 | ||
|---|---|---|---|
| 001 | 22246 | ||
| 003 | VRT | ||
| 005 | 20260323150114.0 | ||
| 008 | 240315s2013 xo g 000 f slo | ||
| 015 | _aSNBA2014/06 | ||
| 020 |
_a9788081142031 _q(viaz.) |
||
| 035 | _a8319AEDA-2010-4C04-8202-2173712F5B08 | ||
| 035 | _aurn:nbn:sk:snk-amkbpb | ||
| 035 | _aurn:nbn:sk:snk-am003qqv | ||
| 039 | 9 |
_a202403151836 _bVLOAD _c202310241422 _dAUTHORITY _c201604301128 _dVLOAD _c201602082150 _dVLOAD |
|
| 040 |
_aPPPK _bslo _cPPPK _dSNK _eAACR2 |
||
| 041 | 0 | _aslo | |
| 044 |
_axo _cSK |
||
| 072 | 7 |
_a821.162.4-3 _xSlovenská próza _2konspekt |
|
| 080 |
_a821.162.4-31 _22001 |
||
| 080 |
_a(0:82-312.5) _22001 |
||
| 100 | 1 |
_aHavranová, Ivana, _d1952- _4aut |
|
| 245 | 1 | 0 |
_aLásky jednej smutnej krásky _cIvana Havranová |
| 250 | _a1. vyd. | ||
| 260 |
_aBratislava _bMarenčin PT _c2013 |
||
| 300 |
_a222 s. _c21 cm |
||
| 655 | 7 |
_aslovenské romány _2SNKPH |
|
| 655 | 7 |
_aľúbostné romány _2SNKPH |
|
| 655 | 7 |
_aSlovak fiction _2SNKPHeng |
|
| 655 | 7 |
_aLove novels _2SNKPHeng |
|
| 910 | _apppk | ||
| 910 | _apokpoh | ||
| 910 | _asllk | ||
| 910 | _askpk | ||
| 910 | _avthk | ||
| 910 | _ahevk | ||
| 910 | _atotk | ||
| 910 | _asvkbb | ||
| 910 | _asnk | ||
| 910 | _attkjf | ||
| 910 | _abpksh | ||
| 942 |
_2ddc _cKLDO _n0 |
||
| 949 |
_6273K0581023 _asvkpoA 223166 _bsvkpo578842 |
||
| 949 |
_6270001000443151 _asvkbbA 141232 _bsvkbbm 743950 |
||
| 949 |
_617A1108902 _asnkSC 159247 _bsnk2014/10054 _o873/14 _s6100:20140925 |
||
| 949 |
_617A1108903 _asnkSC 159247 D1 _bsnk2014/10055 _o873/14 |
||
| 949 |
_62889210179 _asavukPV 18945 _bsavuk2014/1664 |
||
| 949 |
_63869A11769 _abpksh821.162.4-31 _bbpksh65019 |
||
| 999 |
_c22246 _d22246 |
||